[Event "PHI-ch sf (Women)"]
[Site "Manila"]
[Date "2014.??.??"]
[Round "2"]
[White "Atienza, Gladys"]
[Black "Yngayo, Nikki Erica"]
[Result "0-1"]
[WhiteElo "1850"]
[BlackElo "1945"]
[PlyCount "64"]
[EventDate "2014.03.??"]
[EventType "swiss"]
[EventRounds "9"]
[EventCountry "PHI"]
[SourceTitle "EXT 2016"]
[Source "ChessBase"]
[SourceDate "2015.10.08"]
[SourceVersion "1"]
[SourceVersionDate "2015.10.08"]
[SourceQuality "1"]

1. d4 Nf6 2. c4 g6 3. Nc3 Bg7 4. e4 d6 5. f3 0-0 6. Be3 e5 7. d5 a5 8. Bd3 Nh5 9. Nge2 f5 10. exf5 gxf5 11. Qc2 Na6 12. a3 Nc5 13. 0-0-0 Nxd3+ 14. Qxd3 f4 15. Bf2 Qg5 16. Rdg1 Bf5 17. Ne4 Qe7 18. g4 fxg3 19. hxg3 Nf6 20. N2c3 Bg6 21. Be3 Nxe4 22. fxe4 Rf3 23. Qe2 Raf8 24. Bd2 Qd7 25. Rf1 Qg4 26. Rxf3 Rxf3 27. Qe1 Rxg3 28. Rf1 Rg2 29. Nb5 Re2 30. Qd1 Qxe4 31. Nc3 Qd3 32. Bh6 Bxh6+ 0-1

[Event "PHI-ch sf (Women)"]
[Site "Manila"]
[Date "2014.??.??"]
[Round "1"]
[White "Yngayo, Nikki Erica"]
[Black "Butal, Charina"]
[Result "1-0"]
[WhiteElo "1945"]
[BlackElo "1785"]
[PlyCount "85"]
[EventDate "2014.03.??"]
[EventType "swiss"]
[EventRounds "9"]
[EventCountry "PHI"]
[SourceTitle "EXT 2016"]
[Source "ChessBase"]
[SourceDate "2015.10.08"]
[SourceVersion "1"]
[SourceVersionDate "2015.10.08"]
[SourceQuality "1"]

1. e4 e5 2. Bc4 Bc5 3. Nf3 Nc6 4. c3 Nf6 5. d3 h6 6. b4 Bb6 7. b5 Na5 8. Nxe5 Nxc4 9. Nxc4 d6 10. 0-0 0-0 11. Nxb6 axb6 12. f4 Bd7 13. c4 c6 14. bxc6 bxc6 15. Bb2 Ng4 16. Qf3 b5 17. cxb5 Qb6+ 18. Kh1 Qxb5 19. Bc3 Qb6 20. h3 Ne3 21. Qf2 d5 22. Nd2 Qa7 23. Rfc1 dxe4 24. dxe4 f5 25. Bb4 Rfe8 26. Bc5 Qa5 27. Bxe3 fxe4 28. Nc4 Qa6 29. Ne5 Qb7 30. Rab1 Qc7 31. Qd2 Rad8 32. Bb6 Be6 33. Qxd8 Qxd8 34. Bxd8 Rxd8 35. a4 e3 36. a5 c5 37. a6 Kh7 38. Rxc5 e2 39. Re1 Rd1 40. Rc1 Bc8 41. a7 Rxc1 42. Rxc1 e1Q+ 43. Rxe1 1-0